Diventare cagna /
Guardat en:
| Autor principal: | |
|---|---|
| Altres autors: | , , |
| Format: | Llibre |
| Idioma: | italià |
| Publicat: |
[Roma] :
Malatempora,
2015
|
| Col·lecció: | Contro Cultura
|
| Etiquetes: |
Sense etiquetes, Sigues el primer a etiquetar aquest registre!
|
MARC
| LEADER | 00000nam a22000007i 4500 | ||
|---|---|---|---|
| 001 | IT\ICCU\UBO\4164572 | ||
| 003 | ItRI | ||
| 005 | 20260115232310.0 | ||
| 008 | 151221s2015 it |||||| ||||| |||||c | ||
| 040 | |b ita |c importazione bologna sebina | ||
| 041 | 7 | |a ita |2 ISO-639-2 | |
| 100 | 1 | |a Ziga, Itziar |0 IT\ICCU\UBOV\425002 | |
| 240 | 1 | 0 | |a Devenir perra |3 IT\ICCU\UBO\4164573 |9 Ziga, Itziar |
| 245 | 1 | 0 | |a Diventare cagna / |c Itziar Ziga ; introduzione alla edizione italiana di Slavina ; prologo di Virginie Despentes e Paul B. Preciado. |
| 260 | |a [Roma] : |b Malatempora, |c 2015 | ||
| 300 | |a 125 p. ; |c 21 cm | ||
| 700 | 1 | |a Preciado, Paul B. |0 IT\ICCU\RAVV\297829 | |
| 700 | 1 | |a Despentes, Virginie |0 IT\ICCU\TO0V\329055 | |
| 700 | 0 | |a Slavina |0 IT\ICCU\UBOV\352331 | |
| 790 | 1 | |a Preciado, Beatriz |3 IT\ICCU\LO1V\435947 |z Preciado, Paul B. | |
| 830 | 0 | |a Contro Cultura |0 IT\ICCU\UBO\4164575 | |
| 942 | |2 ddc |c BK |n 0 | ||
| 952 | |0 0 |1 0 |4 0 |6 DOC_176_082000000000000_ZIG |7 0 |9 23790 |a BO |b BO |d 2026-01-15 |i 18008 |l 0 |o DOC 176.082 ZIG |p BO18008 |r 2026-01-15 23:23:10 |w 2026-01-15 |x [Sebina 5] [1 v.] |y BK |z 1 v. (con dedica dell'autrice) | ||
| 999 | |c 20264 |d 20264 | ||